Tale of two cities (Record no. 19802)
[ view plain ]
| 000 -LEADER | |
|---|---|
| fixed length control field | 00438nam a2200169 a 4500 |
| 005 - DATE AND TIME OF LATEST TRANSACTION | |
| control field | 20150421143844.0 |
| 008 - FIXED-LENGTH DATA ELEMENTS--GENERAL INFORMATION | |
| fixed length control field | 960221s1955 dcuabcdjdbkoqu001 0deng d |
| 080 ## - UNIVERSAL DECIMAL CLASSIFICATION NUMBER | |
| Universal Decimal Classification number | F |
| Item number | LAD/T CL |
| 100 ## - MAIN ENTRY--PERSONAL NAME | |
| Personal name | Collins, Joan |
| Role | dap. by |
| 245 ## - TITLE STATEMENT | |
| Title | Tale of two cities |
| 260 ## - PUBLICATION, DISTRIBUTION, ETC. (IMPRINT) | |
| Place of publication, distribution, etc | Loughborough |
| Name of publisher, distributor, etc | Ladybird Books |
| Date of publication, distribution, etc | 1981 |
| 300 ## - PHYSICAL DESCRIPTION | |
| Extent | 51p.: ill. |
| 500 ## - GENERAL NOTE | |
| General note | |
| 653 ## - INDEX TERM--UNCONTROLLED | |
| Uncontrolled term | Fiction |
| -- | English |
| -- | English Literature |
| -- | Literature |
| 942 ## - ADDED ENTRY ELEMENTS (KOHA) | |
| item type | Children Collection |
| 003 - CONTROL NUMBER IDENTIFIER | |
| control field | ViArRB |
| Lost status | Source of classification or shelving scheme | Not for loan | Home library | Current library | Shelving location | Date acquired | Total Checkouts | Full call number | Barcode | Date last seen | Date checked out | Price effective from | Koha item type |
|---|---|---|---|---|---|---|---|---|---|---|---|---|---|
| Universal Decimal Classification | University Library | University Library | Children's Area | 16/06/2010 | 4 | F LAD/T CL | 00025491 | 24/05/2018 | 18/05/2018 | 16/06/2010 | Children Collection |
